000 00263nam a2200097Ia 4500
001 815807
005 20250826171703.0
008 250824s9999 xx 000 0 und d
245 0 _aHEBO DERE ÜLKESİNİN PRENSİ
_cNAZLI ASPAY ŞENER
260 _bGENÇ HAYAT YAYINLARI
999 _c815807
_d815807